[Event "FICGS class M 000122 email"]
[Site "FICGS email"]
[Date "2023.05.15"]
[Round "1"]
[White "Cirulis, Ilmars"]
[Black "Cade, Stephen"]
[Result "1/2-1/2"]
[WhiteElo "2244"]
[BlackElo "2314"]
[PlyCount "80"]
[EventDate "2023.??.??"]
[EventType "tourn (corr)"]
[EventRounds "6"]
[SourceTitle "Corr 2024"]
[Source "ChessBase"]
[SourceDate "2023.10.19"]
[SourceVersion "1"]
[SourceVersionDate "2023.10.19"]
[SourceQuality "1"]

1. e4 c6 2. d4 d5 3. e5 c5 4. Nf3 cxd4 5. Qxd4 Nc6 6. Qf4 e6 7. Bd3 Nb4 8. 0-0 Nxd3 9. cxd3 Ne7 10. h4 Nf5 11. h5 Bd7 12. Nc3 g6 13. Qh2 gxh5 14. Qxh5 Qb6 15. Ne2 h6 16. Nh4 Nxh4 17. Qxh4 Rg8 18. Be3 Qxb2 19. Qh5 Qc2 20. Rab1 Qxd3 21. Rxb7 Be7 22. Qf3 Qg6 23. Rfb1 Rc8 24. Nf4 Qf5 25. Rc1 Rxc1+ 26. Bxc1 Qxe5 27. Nd3 Qf5 28. Qxf5 exf5 29. Ne5 Be6 30. Rxa7 d4 31. Nc6 Bd8 32. Nxd4 Bd5 33. Nxf5 Rxg2+ 34. Kf1 h5 35. Nd6+ Kf8 36. Rxf7+ Bxf7 37. Kxg2 Bxa2 38. Ne4 Kg7 39. Bg5 Bxg5 40. Nxg5 Kf6 1/2-1/2

[Event "FICGS class M 000122 email"]
[Site "FICGS email"]
[Date "2023.05.15"]
[Round "1"]
[White "Ozen, Bahadir"]
[Black "Cade, Stephen"]
[Result "1/2-1/2"]
[WhiteElo "2239"]
[BlackElo "2314"]
[PlyCount "59"]
[EventDate "2023.??.??"]
[EventType "tourn (corr)"]
[EventRounds "6"]
[SourceTitle "Corr 2024"]
[Source "ChessBase"]
[SourceDate "2023.10.19"]
[SourceVersion "1"]
[SourceVersionDate "2023.10.19"]
[SourceQuality "1"]

1. e4 c6 2. d4 d5 3. e5 c5 4. dxc5 e6 5. a3 Bxc5 6. Nf3 f6 7. b4 Be7 8. Bb2 a5 9. b5 Nd7 10. c4 Nxe5 11. Nxe5 fxe5 12. Bxe5 Nf6 13. Be2 0-0 14. 0-0 Nd7 15. Bg3 Nc5 16. Ra2 a4 17. cxd5 exd5 18. Nc3 Be6 19. Rd2 Bg5 20. f4 Bf6 21. Nxd5 Ne4 22. Nxf6+ Qxf6 23. Rd3 Nc3 24. Bh4 Qxh4 25. Rxc3 Rxf4 26. Qd6 Rxf1+ 27. Bxf1 Qe1 28. Rf3 Re8 29. h3 h6 30. Qc7 1/2-1/2

[Event "FICGS class M 000094 email"]
[Site "FICGS email"]
[Date "2021.05.03"]
[Round "1"]
[White "Cade, Stephen"]
[Black "Cirulis, Ilmars"]
[Result "1/2-1/2"]
[WhiteElo "2305"]
[BlackElo "2232"]
[PlyCount "78"]
[EventDate "2021.??.??"]
[EventType "tourn (corr)"]
[EventRounds "6"]
[SourceTitle "Corr 2024"]
[Source "ChessBase"]
[SourceDate "2023.10.19"]
[SourceVersion "1"]
[SourceVersionDate "2023.10.19"]
[SourceQuality "1"]

1. c4 c6 2. e4 d5 3. cxd5 cxd5 4. exd5 Nf6 5. Nc3 Nxd5 6. Nf3 Nc6 7. d4 Bf5 8. Bb5 e6 9. 0-0 Be7 10. Ne5 Rc8 11. Qa4 a6 12. Bxc6+ bxc6 13. Be3 Nxc3 14. bxc3 f6 15. Nc4 0-0 16. Qxa6 Ra8 17. Qxc6 Rc8 18. Qa6 Ra8 19. Qb5 Rb8 20. Qa4 Ra8 21. Qb3 Rb8 22. Qd1 Rc8 23. Qb3 Rb8 24. Qd1 Rc8 25. Qe2 Qc7 26. Nb2 Qxc3 27. Rfc1 Qa5 28. a4 Rxc1+ 29. Rxc1 Ba3 30. Nc4 Qa6 31. Ra1 Bb4 32. Qa2 Rc8 33. Rc1 Bd3 34. Nb2 Rxc1+ 35. Bxc1 Bc2 36. Qc4 Qxc4 37. Nxc4 Bxa4 38. Ba3 Bxa3 39. Nxa3 Kf8 1/2-1/2

[Event "FICGS class M 000094 email"]
[Site "FICGS email"]
[Date "2021.05.03"]
[Round "1"]
[White "Schroeder, Christoph"]
[Black "Cade, Stephen"]
[Result "1/2-1/2"]
[WhiteElo "2271"]
[BlackElo "2305"]
[PlyCount "67"]
[EventDate "2021.??.??"]
[EventType "tourn (corr)"]
[EventRounds "6"]
[SourceTitle "Corr 2022"]
[Source "ChessBase"]
[SourceDate "2021.10.24"]
[SourceVersion "1"]
[SourceVersionDate "2021.10.24"]
[SourceQuality "1"]

1. e4 c6 2. d4 d5 3. e5 c5 4. dxc5 e6 5. Be3 Nd7 6. Bb5 Ne7 7. Bd4 Nc6 8. Bxc6 bxc6 9. b4 a5 10. a3 Ba6 11. f4 g5 12. Nd2 gxf4 13. Ngf3 Rg8 14. Rg1 Be7 15. Kf2 Rg4 16. c4 Bh4+ 17. g3 fxg3+ 18. hxg3 Be7 19. Be3 dxc4 20. Qc2 f5 21. Bf4 axb4 22. axb4 Nxc5 23. bxc5 Bxc5+ 24. Kg2 Bxg1 25. Nxc4 Bc5 26. Nd6+ Bxd6 27. Qxc6+ Kf8 28. exd6 Rxf4 29. gxf4 Bb7 30. Qxb7 Rxa1 31. Ng5 Ra2+ 32. Kh3 Ra3+ 33. Kh4 Qf6 34. Qc8+ 1/2-1/2

[Event "FICGS class M 000093 email"]
[Site "FICGS email"]
[Date "2021.01.03"]
[Round "1"]
[White "Cade, Stephen"]
[Black "Cirulis, Ilmars"]
[Result "1/2-1/2"]
[WhiteElo "2323"]
[BlackElo "2204"]
[PlyCount "34"]
[EventDate "2021.??.??"]
[EventType "tourn (corr)"]
[EventRounds "6"]
[SourceTitle "Corr 2022"]
[Source "ChessBase"]
[SourceDate "2021.10.24"]
[SourceVersion "1"]
[SourceVersionDate "2021.10.24"]
[SourceQuality "1"]

1. e4 e5 2. Nf3 Nc6 3. Bb5 Nf6 4. d3 Bc5 5. c3 0-0 6. 0-0 d5 7. Nbd2 dxe4 8. dxe4 Qe7 9. Qe2 a5 10. Ba4 h6 11. Nc4 Bd7 12. Re1 Ng4 13. Be3 Bxe3 14. Nxe3 Nxe3 15. Qxe3 Nb8 16. Bxd7 Nxd7 17. Rad1 Rfd8 1/2-1/2

[Event "FICGS class M 000093 email"]
[Site "FICGS email"]
[Date "2021.01.03"]
[Round "1"]
[White "Cade, Stephen"]
[Black "Perevozchikov, Vjacheslav"]
[Result "1/2-1/2"]
[WhiteElo "2323"]
[BlackElo "2205"]
[PlyCount "70"]
[EventDate "2021.??.??"]
[EventType "tourn (corr)"]
[EventRounds "6"]
[SourceTitle "Corr 2022"]
[Source "ChessBase"]
[SourceDate "2021.10.24"]
[SourceVersion "1"]
[SourceVersionDate "2021.10.24"]
[SourceQuality "1"]

1. e4 e6 2. d4 d5 3. Nc3 Bb4 4. e5 c5 5. a3 Bxc3+ 6. bxc3 Ne7 7. Qg4 cxd4 8. Qxg7 Rg8 9. Qxh7 Qc7 10. Ne2 dxc3 11. f4 Nbc6 12. Qd3 d4 13. Nxd4 Nxd4 14. Qxd4 Bd7 15. Rg1 Nf5 16. Qf2 Qc6 17. Bd3 Qd5 18. Rb1 0-0-0 19. Rb3 Bc6 20. Rxc3 Kb8 21. g4 Nd4 22. Rg3 Qh1+ 23. Qf1 Nf3+ 24. Kf2 Qxh2+ 25. Qg2 Qxg2+ 26. Rxg2 Ne1 27. Rg3 Nxd3+ 28. cxd3 Rh8 29. Ke3 Rh1 30. Bd2 Rdh8 31. g5 R8h3 32. Rxh3 Rxh3+ 33. Kd4 Kc7 34. Rc1 Kd7 35. Rg1 Rh2 1/2-1/2

[Event "FICGS class M 000093 email"]
[Site "FICGS email"]
[Date "2021.01.03"]
[Round "1"]
[White "Cade, Stephen"]
[Black "Schroeder, Christoph"]
[Result "1/2-1/2"]
[WhiteElo "2323"]
[BlackElo "2275"]
[PlyCount "58"]
[EventDate "2021.??.??"]
[EventType "tourn (corr)"]
[EventRounds "6"]
[SourceTitle "Corr 2022"]
[Source "ChessBase"]
[SourceDate "2021.10.24"]
[SourceVersion "1"]
[SourceVersionDate "2021.10.24"]
[SourceQuality "1"]

1. e4 e6 2. d4 d5 3. Nc3 dxe4 4. Nxe4 Nd7 5. Nf3 Ngf6 6. Bd3 c5 7. 0-0 Nxe4 8. Bxe4 Nf6 9. Bg5 cxd4 10. Nxd4 Be7 11. Bf3 0-0 12. Qd3 Qb6 13. Rad1 Rd8 14. Be3 e5 15. Nf5 Bxf5 16. Qxf5 Qc7 17. c3 g6 18. Qc2 Rxd1 19. Rxd1 e4 20. Be2 Bc5 21. Bg5 Qb6 22. Bh4 Rd8 23. Rxd8+ Qxd8 24. b4 Be7 25. a3 Nd5 26. Bxe7 Qxe7 27. c4 Nf4 28. g3 Nxe2+ 29. Qxe2 h5 1/2-1/2

[Event "FICGS class M 000093 email"]
[Site "FICGS email"]
[Date "2021.01.03"]
[Round "1"]
[White "Groves, Don"]
[Black "Cade, Stephen"]
[Result "1/2-1/2"]
[WhiteElo "2250"]
[BlackElo "2323"]
[PlyCount "51"]
[EventDate "2021.??.??"]
[EventType "tourn (corr)"]
[EventRounds "6"]
[SourceTitle "Corr 2022"]
[Source "ChessBase"]
[SourceDate "2021.10.24"]
[SourceVersion "1"]
[SourceVersionDate "2021.10.24"]
[SourceQuality "1"]

1. d4 d5 2. c4 c6 3. Nf3 Nf6 4. Nc3 e6 5. Bg5 h6 6. Bh4 dxc4 7. e4 g5 8. Bg3 b5 9. Be2 Bb7 10. 0-0 Nbd7 11. Ne5 h5 12. Nxd7 Qxd7 13. Qc1 Rg8 14. Qe3 Ng4 15. Bxg4 hxg4 16. Rad1 f6 17. d5 e5 18. Kh1 Bd6 19. f3 gxf3 20. Rxf3 Rg6 21. a3 a6 22. dxc6 Bxc6 23. Nd5 Bxd5 24. Rxd5 Qc6 25. Rf1 0-0-0 26. Bf2 1/2-1/2

[Event "FICGS class M 000093 email"]
[Site "FICGS email"]
[Date "2021.01.03"]
[Round "1"]
[White "Sorbi, Luca"]
[Black "Cade, Stephen"]
[Result "1/2-1/2"]
[WhiteElo "2235"]
[BlackElo "2323"]
[PlyCount "67"]
[EventDate "2021.??.??"]
[EventType "tourn (corr)"]
[EventRounds "6"]
[SourceTitle "Corr 2022"]
[Source "ChessBase"]
[SourceDate "2021.10.24"]
[SourceVersion "1"]
[SourceVersionDate "2021.10.24"]
[SourceQuality "1"]

1. c4 c6 2. d4 d5 3. Nf3 Nf6 4. Nc3 e6 5. Bg5 h6 6. Bh4 dxc4 7. e4 g5 8. Bg3 b5 9. Be2 Bb7 10. 0-0 Nbd7 11. Ne5 h5 12. Nxd7 Qxd7 13. Qc1 Rg8 14. Qe3 Ng4 15. Bxg4 hxg4 16. Rad1 f6 17. b3 b4 18. Na4 c3 19. Qe2 Rd8 20. a3 bxa3 21. Nc5 Bxc5 22. dxc5 Ba6 23. Qxg4 Qf7 24. Rxd8+ Kxd8 25. Rc1 e5 26. Qf3 Kc8 27. Qxc3 Rd8 28. Qa5 Bd3 29. Qxa3 Bxe4 30. Ra1 Rd7 31. Qa6+ Kd8 32. f3 Bd5 33. b4 Qe6 34. b5 1/2-1/2

[Event "FICGS class M 000024 email"]
[Site "FICGS email"]
[Date "2020.12.16"]
[Round "1"]
[White "Kerr, Graham"]
[Black "Cade, Stephen"]
[Result "1/2-1/2"]
[WhiteElo "2314"]
[BlackElo "2323"]
[PlyCount "59"]
[EventDate "2020.??.??"]
[EventType "tourn (corr)"]
[EventRounds "1"]
[SourceTitle "Corr 2022"]
[Source "ChessBase"]
[SourceDate "2021.10.24"]
[SourceVersion "1"]
[SourceVersionDate "2021.10.24"]
[SourceQuality "1"]

1. d4 Nf6 2. c4 e6 3. Nf3 d5 4. Nc3 Bb4 5. Bd2 0-0 6. e3 b6 7. Rc1 Ba6 8. Qa4 Be7 9. cxd5 Bxf1 10. Rxf1 exd5 11. Ne5 c5 12. f4 Qc8 13. g4 Nxg4 14. Nxd5 Bh4+ 15. Ke2 Nxe5 16. dxe5 Rd8 17. e4 Nc6 18. Bc3 Qg4+ 19. Ke3 Ne7 20. Rcd1 Qg2 21. Qc4 Rxd5 22. Rxd5 Nxd5+ 23. exd5 b5 24. Qxb5 Qxd5 25. Qd3 Qxa2 26. Rg1 Rd8 27. Qe4 Qe6 28. f5 Qh6+ 29. Kf3 Bg5 30. f6 1/2-1/2

[Event "FICGS class M 000088 email"]
[Site "FICGS email"]
[Date "2020.01.22"]
[Round "1"]
[White "Cade, Stephen"]
[Black "Sorbi, Luca"]
[Result "1-0"]
[WhiteElo "2273"]
[BlackElo "2213"]
[PlyCount "59"]
[EventDate "2020.??.??"]
[EventType "tourn (corr)"]
[EventRounds "6"]
[SourceTitle "Corr 2022"]
[Source "ChessBase"]
[SourceDate "2021.10.24"]
[SourceVersion "1"]
[SourceVersionDate "2021.10.24"]
[SourceQuality "1"]

1. d4 Nf6 2. c4 e6 3. Nf3 b6 4. g3 Ba6 5. Qc2 c5 6. d5 exd5 7. cxd5 Bb7 8. Bg2 Nxd5 9. 0-0 Be7 10. Rd1 Nc6 11. Qa4 Nf6 12. Nh4 g6 13. Bh6 Bf8 14. Bg5 h6 15. Bxf6 Qxf6 16. Nc3 0-0-0 17. Rd3 g5 18. Nf3 Na5 19. Rad1 Bc6 20. Qc2 Re8 21. Nd2 Kb8 22. Nd5 Qg6 23. Nc4 Nb7 24. a4 h5 25. a5 b5 26. a6 bxc4 27. Qxc4 h4 28. axb7 hxg3 29. hxg3 Qh5 30. Qa6 1-0

[Event "FICGS class M 000088 email"]
[Site "FICGS email"]
[Date "2020.01.22"]
[Round "1"]
[White "Nemchenko, Valery"]
[Black "Cade, Stephen"]
[Result "0-1"]
[WhiteElo "2352"]
[BlackElo "2273"]
[PlyCount "44"]
[EventDate "2020.??.??"]
[EventType "tourn (corr)"]
[EventRounds "6"]
[SourceTitle "Corr 2022"]
[Source "ChessBase"]
[SourceDate "2021.10.24"]
[SourceVersion "1"]
[SourceVersionDate "2021.10.24"]
[SourceQuality "1"]

1. c4 g6 2. Nc3 c5 3. g3 Bg7 4. Nf3 Nc6 5. Bg2 d6 6. d4 cxd4 7. Ne4 f5 8. Neg5 h6 9. Nh3 e5 10. 0-0 g5 11. e4 fxe4 12. Ne1 Nf6 13. Qc2 d3 14. Nxd3 Nd4 15. Qd1 exd3 16. Qxd3 Bf5 17. Qd1 Qd7 18. Nxg5 hxg5 19. Bxg5 Bh3 20. f4 Bxg2 21. Kxg2 Qh3+ 22. Kg1 Qxh2# 0-1

[Event "FICGS class M 000085 email"]
[Site "FICGS email"]
[Date "2019.11.11"]
[Round "1"]
[White "Cade, Stephen"]
[Black "Marciz, Alexander"]
[Result "1/2-1/2"]
[WhiteElo "2277"]
[BlackElo "2266"]
[PlyCount "85"]
[EventDate "2019.??.??"]
[EventType "tourn (corr)"]
[EventRounds "6"]
[SourceTitle "Corr 2022"]
[Source "ChessBase"]
[SourceDate "2021.10.24"]
[SourceVersion "1"]
[SourceVersionDate "2021.10.24"]
[SourceQuality "1"]

1. d4 Nf6 2. c4 e6 3. g3 d5 4. Bg2 dxc4 5. Nf3 Be7 6. 0-0 0-0 7. Qc2 a6 8. a4 Bd7 9. Qxc4 Bc6 10. Bg5 Bd5 11. Qc2 Be4 12. Qc1 h6 13. Bxf6 Bxf6 14. Rd1 Nc6 15. Nbd2 Bg6 16. Nb3 Qd6 17. Nc5 Ra7 18. e3 b6 19. Nd2 bxc5 20. Nc4 Qe7 21. Bxc6 cxd4 22. exd4 Bxd4 23. Rxd4 Qc5 24. Qe3 Qxc6 25. Ne5 Qb7 26. b4 Raa8 27. Nxg6 fxg6 28. Qxe6+ Kh7 29. Qe4 Qa7 30. Rad1 Rae8 31. Qc2 Rf6 32. Rd7 Qb6 33. Rxc7 Rxf2 34. Rxg7+ Kxg7 35. Qxf2 Qxb4 36. Qa7+ Re7 37. Qxa6 Qc5+ 38. Kh1 Qc2 39. Rf1 Qe4+ 40. Kg1 Qd4+ 41. Kh1 Ra7 42. Qc8 Qxa4 43. Qf8+ 1/2-1/2

[Event "FICGS class M 000085 email"]
[Site "FICGS email"]
[Date "2019.11.11"]
[Round "1"]
[White "Cade, Stephen"]
[Black "Massimini Gerbino, Massimiliano"]
[Result "1/2-1/2"]
[WhiteElo "2277"]
[BlackElo "2309"]
[PlyCount "115"]
[EventDate "2019.??.??"]
[EventType "tourn (corr)"]
[EventRounds "6"]
[SourceTitle "Corr 2022"]
[Source "ChessBase"]
[SourceDate "2021.10.24"]
[SourceVersion "1"]
[SourceVersionDate "2021.10.24"]
[SourceQuality "1"]

1. d4 d5 2. c4 c6 3. Nf3 Nf6 4. e3 e6 5. Bd3 Nbd7 6. b3 Bb4+ 7. Nbd2 Bc3 8. Rb1 e5 9. dxe5 Nxe5 10. Nxe5 Bxe5 11. 0-0 0-0 12. Qc2 Re8 13. Nf3 Bd6 14. Bb2 Ne4 15. cxd5 cxd5 16. Qd1 Re6 17. Rc1 b6 18. g3 Bc5 19. Nd2 Bb7 20. Nxe4 dxe4 21. Bc4 Qxd1 22. Rfxd1 Rd6 23. Be5 Rdd8 24. Bc7 Rxd1+ 25. Rxd1 Bc6 26. g4 Kf8 27. g5 Rc8 28. Bf4 Ke7 29. h4 Bd7 30. Ba6 Re8 31. Bb7 Bg4 32. Rc1 Bf3 33. Rc4 Kf8 34. b4 Be2 35. Rc2 Bd3 36. bxc5 Bxc2 37. Bd6+ Kg8 38. c6 Ba4 39. c7 Bd7 40. h5 Bc8 41. Bd5 g6 42. h6 Re6 43. Bxe6 fxe6 44. Kg2 Kf7 45. Kg3 Ke8 46. Kf4 Kd7 47. Ke5 Bb7 48. a3 Bc8 49. Bf8 Kxc7 50. Kxe4 Kd8 51. Ke5 Ke8 52. Bd6 Kd7 53. f4 a5 54. e4 Ke8 55. Bc7 Kf7 56. Bxb6 a4 57. Kd4 Bb7 58. e5 1/2-1/2

[Event "FICGS class M 000085 email"]
[Site "FICGS email"]
[Date "2019.11.11"]
[Round "1"]
[White "Cade, Stephen"]
[Black "Rita, Giacomo"]
[Result "1/2-1/2"]
[WhiteElo "2277"]
[BlackElo "2285"]
[PlyCount "98"]
[EventDate "2019.??.??"]
[EventType "tourn (corr)"]
[EventRounds "6"]
[SourceTitle "Corr 2022"]
[Source "ChessBase"]
[SourceDate "2021.10.24"]
[SourceVersion "1"]
[SourceVersionDate "2021.10.24"]
[SourceQuality "1"]

1. d4 Nf6 2. c4 e6 3. Nc3 Bb4 4. f3 0-0 5. a3 Bxc3+ 6. bxc3 d6 7. e4 Nh5 8. Nh3 e5 9. Nf2 Nc6 10. g4 Nf6 11. h4 Qe8 12. h5 h6 13. d5 Na5 14. c5 Bd7 15. g5 hxg5 16. h6 g6 17. Bxg5 Nh7 18. Be3 Ba4 19. Qd3 b5 20. c6 Nc4 21. Bc1 Rb8 22. Rb1 Kh8 23. Rb4 Nb6 24. Qb1 f5 25. Rg1 fxe4 26. Qxe4 Nf6 27. Qxg6 Qxg6 28. Rxg6 Nbxd5 29. Rh4 Bc2 30. Rg7 Ne8 31. Rg3 Ne7 32. Rb4 a6 33. Rb2 Bh7 34. a4 Nf5 35. Rh3 Ra8 36. Ne4 bxa4 37. Ng5 Bg6 38. Ra2 Nf6 39. Ne6 Rf7 40. Rxa4 Nd5 41. Rxa6 Rxa6 42. Bxa6 Rf6 43. Ng5 Nfe7 44. Rh2 Nf4 45. Bxf4 exf4 46. Rb2 Nxc6 47. Rb7 Rf5 48. Rxc7 Rxg5 49. Rxc6 Re5+ 1/2-1/2

[Event "FICGS class M 000080 email"]
[Site "FICGS email"]
[Date "2018.08.03"]
[Round "1"]
[White "Cade, Stephen"]
[Black "Dusk, Jerzy"]
[Result "1-0"]
[WhiteElo "2224"]
[BlackElo "2200"]
[PlyCount "117"]
[EventDate "2018.??.??"]
[EventType "tourn (corr)"]
[EventRounds "6"]
[SourceTitle "Corr 2022"]
[Source "ChessBase"]
[SourceDate "2021.10.24"]
[SourceVersion "1"]
[SourceVersionDate "2021.10.24"]
[SourceQuality "1"]

1. d4 Nf6 2. c4 e6 3. Nf3 b6 4. g3 Ba6 5. Qc2 c5 6. d5 exd5 7. cxd5 Bb7 8. Bg2 Nxd5 9. 0-0 Nc6 10. Rd1 Be7 11. Qa4 Nf6 12. Nh4 g6 13. Bh6 Bf8 14. Bg5 Be7 15. Nc3 0-0 16. Rd2 Rb8 17. Bf4 Rc8 18. Rad1 a6 19. Bd6 b5 20. Qf4 Ba8 21. Nf3 Nb8 22. Ne5 Nh5 23. Qg4 Bxg2 24. Kxg2 Bxd6 25. Rxd6 f5 26. Qf3 Qe8 27. Qd5+ Kh8 28. Nxd7 Nxd7 29. Re6 Nhf6 30. Rxe8 Nxd5 31. Rxc8 Rxc8 32. Rxd5 Nf6 33. Rd6 Kg7 34. Rxa6 b4 35. Nb5 c4 36. Nd4 c3 37. bxc3 bxc3 38. Nc2 Re8 39. Kf1 Rd8 40. Rc6 Rd1+ 41. Kg2 Nd5 42. a3 g5 43. Rc4 Rd2 44. Nd4 Kf6 45. Rc6+ Kf7 46. Nxf5 Rxe2 47. Nd6+ Ke7 48. Nb5 Rc2 49. Kf3 h5 50. h3 Rb2 51. Rc5 Kf6 52. Nxc3 Rb3 53. Rxd5 Rxc3+ 54. Ke2 Rxa3 55. Rd3 Ra4 56. Rd6+ Kf5 57. Rh6 h4 58. g4+ Ke5 59. Rg6 1-0

[Event "FICGS class M 000080 email"]
[Site "FICGS email"]
[Date "2018.08.03"]
[Round "1"]
[White "Gazi, Miroslav"]
[Black "Cade, Stephen"]
[Result "1/2-1/2"]
[WhiteElo "2260"]
[BlackElo "2224"]
[PlyCount "132"]
[EventDate "2018.??.??"]
[EventType "tourn (corr)"]
[EventRounds "6"]
[SourceTitle "Corr 2022"]
[Source "ChessBase"]
[SourceDate "2021.10.24"]
[SourceVersion "1"]
[SourceVersionDate "2021.10.24"]
[SourceQuality "1"]

1. Nf3 Nf6 2. c4 g6 3. Nc3 Bg7 4. e4 d6 5. d4 0-0 6. h3 e5 7. d5 Nh5 8. g3 f5 9. exf5 gxf5 10. Nh4 Nf6 11. Bg5 Na6 12. Qc2 Nb4 13. Qb1 Qe8 14. a3 Na6 15. Qc2 Nc5 16. Be3 Bd7 17. Be2 c6 18. g4 cxd5 19. cxd5 Rc8 20. Nxf5 Bxf5 21. gxf5 Nce4 22. Qd3 Nxc3 23. bxc3 Kh8 24. Rg1 e4 25. Qd4 Qe7 26. 0-0-0 Ne8 27. Rxg7 Nxg7 28. Bg4 Rc7 29. Kb2 b6 30. Bh6 Qf6 31. Qd2 Rc5 32. Bg5 Qe5 33. f6 Nf5 34. Bf4 Qxf6 35. Bxf5 Rc4 36. Kb3 b5 37. Bh2 Qxf5 38. Bxd6 Rf7 39. Bc5 Kg8 40. Qe3 Rd7 41. Rg1+ Kf7 42. Rg4 Rxc5 43. Rf4 Rdxd5 44. Qxe4 Qxf4 45. Qxf4+ Rf5 46. Qb8 a5 47. Qa7+ Kg6 48. Qxa5 Rc4 49. Qd8 Rfc5 50. Qg8+ Kf6 51. Kb2 h5 52. Qf8+ Kg6 53. Qd6+ Kg5 54. Qd3 Rf5 55. Qe3+ Kf6 56. Kb3 Rcf4 57. Qb6+ Kg5 58. Qd8+ Kg6 59. Qc7 Rxf2 60. Qb6+ Kg5 61. Qd4 R2f4 62. Qd8+ Rf6 63. Qe8 R4f5 64. a4 bxa4+ 65. Qxa4 Rf4 66. Qe8 Rb6+ 1/2-1/2

[Event "FICGS rapid M 000082 email"]
[Site "FICGS email"]
[Date "2016.02.08"]
[Round "1"]
[White "Cade, Stephen"]
[Black "Gray, Garvin"]
[Result "1/2-1/2"]
[WhiteElo "2212"]
[BlackElo "2180"]
[PlyCount "50"]
[EventDate "2016.??.??"]
[EventType "tourn (rapid)"]
[EventRounds "6"]
[SourceTitle "Corr 2022"]
[Source "ChessBase"]
[SourceDate "2021.10.24"]
[SourceVersion "1"]
[SourceVersionDate "2021.10.24"]
[SourceQuality "1"]

1. d4 d5 2. c4 c6 3. Nf3 Nf6 4. Nc3 e6 5. g3 dxc4 6. Bg2 b5 7. Ne5 a6 8. 0-0 Bb7 9. b3 cxb3 10. axb3 Be7 11. Bb2 0-0 12. Ne4 Nxe4 13. Bxe4 Bd6 14. Qc2 h6 15. Nd3 Nd7 16. Nc5 Nxc5 17. dxc5 Bc7 18. Qc3 e5 19. Qf3 Qe8 20. b4 Qe6 21. Rfd1 Rad8 22. h4 Rfe8 23. Bc3 Rf8 24. Bf5 Qf6 25. h5 Rxd1+ 1/2-1/2

[Event "FICGS rapid M 000080 email"]
[Site "FICGS email"]
[Date "2015.09.14"]
[Round "1"]
[White "Eldridge, Mark"]
[Black "Cade, Stephen"]
[Result "1/2-1/2"]
[WhiteElo "2189"]
[BlackElo "2193"]
[PlyCount "59"]
[EventDate "2015.??.??"]
[EventType "tourn (rapid)"]
[EventRounds "6"]
[SourceTitle "Corr 2022"]
[Source "ChessBase"]
[SourceDate "2021.10.24"]
[SourceVersion "1"]
[SourceVersionDate "2021.10.24"]
[SourceQuality "1"]

1. e4 c5 2. Nf3 d6 3. d4 cxd4 4. Nxd4 Nf6 5. Nc3 a6 6. Be3 e5 7. Nb3 Be6 8. f3 h5 9. Nd5 Bxd5 10. exd5 Nbd7 11. Qd2 g6 12. Be2 Bg7 13. 0-0 b6 14. c4 0-0 15. Kh1 Re8 16. Bg5 Qc7 17. Rae1 Rac8 18. Be3 a5 19. Na1 e4 20. Nb3 Ne5 21. Rc1 Qe7 22. Bg5 exf3 23. gxf3 Nc6 24. Rce1 a4 25. c5 axb3 26. dxc6 bxc5 27. Bb5 Qd8 28. Rxe8+ Qxe8 29. Re1 Qd8 30. axb3 1/2-1/2

[Event "FICGS rapid M 000080 email"]
[Site "FICGS email"]
[Date "2015.09.14"]
[Round "1"]
[White "Permykov, Andrey"]
[Black "Cade, Stephen"]
[Result "1/2-1/2"]
[WhiteElo "2236"]
[BlackElo "2193"]
[PlyCount "116"]
[EventDate "2015.??.??"]
[EventType "tourn (rapid)"]
[EventRounds "6"]
[SourceTitle "Corr 2022"]
[Source "ChessBase"]
[SourceDate "2021.10.24"]
[SourceVersion "1"]
[SourceVersionDate "2021.10.24"]
[SourceQuality "1"]

1. e4 c5 2. Nf3 Nc6 3. Bb5 g6 4. 0-0 Bg7 5. Re1 Nf6 6. e5 Nd5 7. Nc3 Nc7 8. Bxc6 dxc6 9. h3 0-0 10. d3 Ne6 11. Ne4 b6 12. a4 a5 13. Bd2 Nd4 14. Bc3 Rb8 15. Ned2 Bf5 16. Nc4 h6 17. Nfd2 Qd7 18. b3 Be6 19. f4 h5 20. Nf3 Bh6 21. Bd2 Bg7 22. Rf1 Rfd8 23. Rc1 b5 24. Nxa5 bxa4 25. bxa4 c4 26. Nxd4 Qxd4+ 27. Rf2 c3 28. Be1 Rbc8 29. Nb3 Qb4 30. Ra1 Bh6 31. Qf3 Bd5 32. Qe3 c5 33. a5 e6 34. Nc1 Qb2 35. Ra4 Qb5 36. Ra3 Bf8 37. Rxc3 Qa4 38. Ne2 Rb8 39. Ng3 Rb1 40. Ne4 Bxe4 41. Rc4 Qxa5 42. Rxe4 Be7 43. Re2 Qa1 44. Kf2 Ra8 45. Rc4 Rc1 46. Kg3 Qb1 47. Rc3 Rb8 48. Bf2 Rb4 49. Re1 Rd1 50. Kh2 Rxe1 51. Bxe1 Qa1 52. Rb3 Rxb3 53. cxb3 Qb1 54. Qe4 Qxb3 55. Qa8+ Kg7 56. Qe8 Qd1 57. Qxe7 Qxe1 58. Qf6+ Kg8 1/2-1/2

[Event "FICGS class M 000072 email"]
[Site "FICGS email"]
[Date "2015.05.18"]
[Round "1"]
[White "Cade, Stephen"]
[Black "Broniek, Mariusz Maciej"]
[Result "1/2-1/2"]
[WhiteElo "2200"]
[BlackElo "2227"]
[PlyCount "99"]
[EventDate "2015.??.??"]
[EventType "tourn (corr)"]
[EventRounds "6"]
[SourceTitle "Corr 2022"]
[Source "ChessBase"]
[SourceDate "2021.10.24"]
[SourceVersion "1"]
[SourceVersionDate "2021.10.24"]
[SourceQuality "1"]

1. d4 d5 2. c4 c6 3. Nf3 Nf6 4. Nc3 e6 5. Bg5 h6 6. Bh4 dxc4 7. e4 g5 8. Bg3 b5 9. Be2 Bb7 10. Qc2 Nbd7 11. Nd2 a6 12. Rd1 Qb6 13. Nf1 0-0-0 14. Ne3 h5 15. h3 c5 16. d5 exd5 17. exd5 Bd6 18. Bxd6 Qxd6 19. a4 b4 20. Ne4 Nxe4 21. Qxe4 Nf6 22. Qf5+ Kb8 23. 0-0 Rhe8 24. Qxg5 Ne4 25. Qh4 c3 26. Bf3 Qe7 27. Qxe4 Qxe4 28. Bxe4 Rxe4 29. bxc3 f5 30. Nxf5 Rxd5 31. Ne3 Rxd1 32. Rxd1 b3 33. Rb1 c4 34. Kf1 Bc6 35. Ke2 Re8 36. Rg1 Bxa4 37. g4 Bc6 38. Kd2 Rf8 39. Nxc4 Rxf2+ 40. Ke3 Rf3+ 41. Kd4 Rxh3 42. gxh5 Rxh5 43. Nd2 Rd5+ 44. Ke3 b2 45. Rb1 Rb5 46. c4 Rb6 47. Kd4 Kc7 48. Kc3 a5 49. Rxb2 Rxb2 50. Kxb2 1/2-1/2